00579nam a2200157 a 450000100100000000500170001000800410002704000250006808200160009311000710010924500760018024600370025626000810029330000200037470000270039400002937020240404093624.0110415s1981 dr 000 0 spa d aDO-SdBNPbspacBNPHU axxxxbC755N2 aConsejo Nacional de Población y Familia (República Dominicana)10a13 años después 1968-1981. /cIntroducción Luis González Fabra.10aTrece años después 1968-1981 aSanto Domingo :bConsejo Nacional de Población y Familia (CONPOFA),c1981. a25 p. ;c22 cm.1 aGonzález Fabra, Luis